000 00470nam a2200181 a 4500
001 3333
005 20140414131917.0
008 040109s19uu xx 00 eng d
020 _a0-7239-0177-5
050 _aER
_bOw4 1997
100 _aLear, Edward
245 _aOwl and the pussy cat (The) /
_cEdward lear.
260 _aEngland :
_bKibworth Books,
_c1997.
300 _ap. ; cm.
650 _aAnimals
_xFiction.
650 _aChildren stories.
999 _c111529
_d111529